[Event "IECC CL6-1998.13"]
[Site "IECC email"]
[Date "1998.10.20"]
[Round "?"]
[White "Aspelund, Christoph"]
[Black "Furnari, Thomas"]
[Result "0-1"]
[WhiteElo "968"]
[BlackElo "1393"]
[PlyCount "90"]
[EventDate "1998.??.??"]
[EventType "tourn (corr)"]
[EventRounds "4"]
[SourceTitle "Corr 2008"]
[Source "ChessBase"]
[SourceDate "2008.06.24"]
[SourceVersion "1"]
[SourceVersionDate "2008.06.24"]
[SourceQuality "1"]

1. e4 e5 2. Nf3 Nc6 3. Bb5 f5 4. Nc3 fxe4 5. Nxe4 d5 6. Nxe5 dxe4 7. Nxc6 Qg5 8. Qe2 Nf6 9. Ne5+ c6 10. Ng4 Bxg4 11. f3 Qxb5 12. Qxb5 cxb5 13. fxg4 Nxg4 14. h3 Nf6 15. 0-0 Bc5+ 16. Kh2 Rf8 17. Re1 0-0-0 18. a3 b4 19. axb4 Bxb4 20. Rxa7 Kb8 21. Ra4 Bxd2 22. Bxd2 Rxd2 23. Rea1 Rc8 24. Ra8+ Kc7 25. Rxc8+ Kxc8 26. Rc1 e3 27. b4 e2 28. c4 Rd1 29. Rxd1 exd1Q 30. c5 Qd5 31. Kg3 Qb3+ 32. Kf2 Qxb4 33. Kg3 Qxc5 34. Kf3 b5 35. g4 Nxg4 36. hxg4 b4 37. g5 Qxg5 38. Ke4 b3 39. Kd3 Qc5 40. Ke4 b2 41. Kf3 b1Q 42. Kf4 Qcf5+ 43. Kg3 Qbe4 44. Kh2 Qeg4 45. Kh1 Qfh5# 0-1

[Event "IECC CL6-1998.13"]
[Site "IECC email"]
[Date "1998.10.20"]
[Round "?"]
[White "Furnari, Thomas"]
[Black "Wylie, Richard"]
[Result "1-0"]
[WhiteElo "1350"]
[BlackElo "1284"]
[PlyCount "29"]
[EventDate "1998.??.??"]
[EventType "tourn (corr)"]
[EventRounds "4"]
[SourceTitle "Corr 2008"]
[Source "ChessBase"]
[SourceDate "2008.06.24"]
[SourceVersion "1"]
[SourceVersionDate "2008.06.24"]
[SourceQuality "1"]

1. e4 Nc6 2. d4 e5 3. dxe5 Nxe5 4. Nc3 Nf3+ 5. Nxf3 d6 6. Bc4 Nf6 7. Ng5 Be6 8. Nxe6 fxe6 9. Bxe6 Qe7 10. Nd5 Nxd5 11. Qxd5 c6 12. Qb3 Rd8 13. Bg5 Qxg5 14. Bf7+ Kd7 15. Qxb7# 1-0